| 000 | 01104nam a2200253 4500 | ||
|---|---|---|---|
| 003 | DO-SdBNP | ||
| 005 | 20220714095128.0 | ||
| 007 | ta | ||
| 008 | 211228b2018 a|||e |||| 001 0aspa d | ||
| 020 | _a9789945903522 | ||
| 040 |
_aDO-SdBNP _bspa _cBNPHU |
||
| 082 | 4 |
_a320.6 _bO999p _222 |
|
| 100 | 1 |
_aOzuna Martinez, Eddy Skinner _980900 |
|
| 245 | 1 | 0 |
_aPolíticas públicas : _bsistemas de monitoreo en los servicios públicos : los reportes comunitarios como sistema de monitoreo y veeduría social de los servicios públicos de Progresando con Solidaridad (Prosoli) / _cEddy Skinner Ozuna Martinez |
| 260 |
_aSanto Domingo : _bINAP, _c2018. |
||
| 300 |
_a155 p. : _b il., grafcs., mapas ; _c21 cm. |
||
| 500 | _aEnsayo ganador del segundo lugar Concurso Nacional de Investigación en Administración Pública. | ||
| 500 | _aIncluye datos biográficos del autor en la solapa de la cubierta del libro. | ||
| 590 | _aInventariado, 2021 / SA | ||
| 650 | 4 |
_aPolítica y gobierno. _zRepublica Dominicana _980901 |
|
| 650 | 4 |
_aServicios públicos. _980902 |
|
| 910 | _aSaquino | ||
| 942 |
_2ddc _cLBS1 |
||
| 999 |
_c51140 _d51140 |
||